Normal view
MARC view
Entry Nombre personal
001 - NÚMERO DE CONTROL
- campo de control: 1136
003 - IDENTIFICADOR DE NÚMERO DE CONTROL
- campo de control: DLC
005 - FECHA Y HORA DE LA ÚLTIMA TRANSACCIÓN
- campo de control: 20260425112335.0
008 - ELEMENTOS DE DATO DE LONGITUD-FIJA
- campo de control de longitud fija: 811015n| azannaab |n aaa
010 ## - NÚMERO DE CONTROL DE LA BIBLIOTECA DEL CONGRESO
- Número de control de LC: n 81078682
040 ## - FUENTE DE CATALOGACIÓN
- Centro catalogador/agencia de origen: DLC
- Lengua de catalogación: eng
- Normas de descripción: rda
- Centro/agencia transcriptor: DLC
- Centro/agencia modificador: DLC
100 10 - ENCABEZAMIENTO-NOMBRE DE PERSONA
- Nombre de persona: Reader, John
670 ## - FUENTE DE DATOS ENCONTRADOS
- Cita de la fuente: His Pyramids of life, c1977.
670 ## - FUENTE DE DATOS ENCONTRADOS
- Cita de la fuente: His Missing links, 1988:
- Información encontrada: t.p. (John Reader) p. i (b. 1937 in South London)
670 ## - FUENTE DE DATOS ENCONTRADOS
- Cita de la fuente: Information from 678 converted Dec. 18, 2014
- Información encontrada: (photojournalist)